[Event "WCO2014"]
[Site "Tromso"]
[Date "2014.08.09"]
[Round "7.2"]
[WhiteID "7401302"]
[White "Miller Rachel"]
[BlackID "6405053"]
[Black "Villar Acevedo Darlin Rocio"]
[Result "1-0"]
[LiveChessVersion "1.4.3"]
[BlackElo "1713"]
[WhiteElo "1782"]

1. e4 {[%clk 1:30:27]} d6 {[%clk 1:30:44]} 2. d4 {[%clk 1:30:26]} Nf6
{[%clk 1:31:01]} 3. Nc3 {[%clk 1:30:24]} g6 {[%clk 1:31:16]} 4. f3
{[%clk 1:30:05]} Bg7 {[%clk 1:31:19]} 5. Be3 {[%clk 1:30:04]} c6 {[%clk 1:31:23]}
6. Qd2 {[%clk 1:29:10]} b5 {[%clk 1:31:26]} 7. O-O-O {[%clk 1:27:11]} Qc7
{[%clk 1:30:21]} 8. Bd3 {[%clk 1:09:36]} h5 {[%clk 1:11:49]} 9. e5
{[%clk 0:46:46]} Nh7 {[%clk 1:08:30]} 10. Bh6 {[%clk 0:43:22]} O-O
{[%clk 1:08:38]} 11. Bxg7 {[%clk 0:41:24]} Kxg7 {[%clk 1:09:05]} 12. Qe2
{[%clk 0:26:14]} dxe5 {[%clk 1:04:29]} 13. Qxe5+ {[%clk 0:22:20]} Qxe5
{[%clk 1:04:35]} 14. dxe5 {[%clk 0:22:47]} Be6 {[%clk 1:04:04]} 15. f4
{[%clk 0:15:09]} Nd7 {[%clk 1:03:32]} 16. Be4 {[%clk 0:14:43]} Rac8
{[%clk 1:03:37]} 17. a3 {[%clk 0:14:12]} Bg4 {[%clk 1:01:48]} 18. Bf3
{[%clk 0:12:31]} Bxf3 {[%clk 1:01:18]} 19. Nxf3 {[%clk 0:12:57]} Nb6
{[%clk 1:01:33]} 20. Rd3 {[%clk 0:12:10]} Rfd8 {[%clk 1:01:31]} 21. Rhd1
{[%clk 0:12:17]} Rxd3 {[%clk 1:01:48]} 22. Rxd3 {[%clk 0:12:10]} Nf8
{[%clk 1:02:08]} 23. Nd4 {[%clk 0:08:13]} a6 {[%clk 1:00:59]} 24. g3
{[%clk 0:05:31]} c5 {[%clk 0:59:20]} 25. Nf3 {[%clk 0:05:24]} Ne6
{[%clk 0:59:21]} 26. Nd5 {[%clk 0:03:19]} Nxd5 {[%clk 0:59:36]} 27. Rxd5
{[%clk 0:03:45]} Rd8 {[%clk 0:59:59]} 28. Rxd8 {[%clk 0:02:39]} Nxd8
{[%clk 1:00:26]} 29. Kd2 {[%clk 0:02:16]} f6 {[%clk 1:00:36]} 30. c4
{[%clk 0:01:25]} Kf7 {[%clk 1:00:18]} 31. Kc3 {[%clk 0:01:02]} Nc6
{[%clk 0:57:45]} 32. cxb5 {[%clk 0:00:46]} axb5 {[%clk 0:58:13]} 33. exf6
{[%clk 0:00:57]} exf6 {[%clk 0:58:37]} 34. b4 {[%clk 0:01:01]} cxb4+
{[%clk 0:53:53]} 35. axb4 {[%clk 0:01:26]} Ke6 {[%clk 0:54:16]} 36. Nd4+
{[%clk 0:01:16]} Nxd4 {[%clk 0:54:42]} 37. Kxd4 {[%clk 0:01:36]} Kd6
{[%clk 0:54:54]} 38. Ke4 {[%clk 0:01:59]} Kc6 {[%clk 0:53:40]} 39. h4
{[%clk 0:00:31]} Kd6 {[%clk 0:53:42]} 40. f5 {[%clk 0:00:35]} gxf5+
{[%clk 0:53:50]} 41. Kxf5 {[%clk 0:00:53]} Kd5 {[%clk 0:54:02]} 42. g4
{[%clk 0:00:56]} hxg4 {[%clk 0:52:54]} 43. Kxg4 {[%clk 0:01:18]} Ke4
{[%clk 0:52:52]} 44. h5 {[%clk 0:00:31]} f5+ {[%clk 0:53:15]} 45. Kh3
{[%clk 0:00:51]} f4 {[%clk 0:53:36]} 46. h6 {[%clk 0:01:13]} f3 {[%clk 0:53:59]}
47. h7 {[%clk 0:01:36]} f2 {[%clk 0:54:14]} 48. Kg2 {[%clk 0:02:04]} 1-0

[Event "WCO2014"]
[Site "Tromso"]
[Date "2014.08.09"]
[Round "7.3"]
[WhiteID "6403557"]
[White "Diaz Cesar Wilsaida Pieranlly"]
[BlackID "7400683"]
[Black "Smith Annesha"]
[Result "1-0"]
[LiveChessVersion "1.4.3"]
[BlackElo "1768"]
[WhiteElo "1769"]

1. d4 {[%clk 1:30:54]} Nf6 {[%clk 1:30:57]} 2. Nf3 {[%clk 1:31:17]} g6
{[%clk 1:31:21]} 3. c4 {[%clk 1:31:33]} Bg7 {[%clk 1:31:43]} 4. Nc3
{[%clk 1:31:46]} d5 {[%clk 1:32:08]} 5. Bf4 {[%clk 1:31:48]} dxc4
{[%clk 1:27:05]} 6. e3 {[%clk 1:30:40]} c6 {[%clk 1:23:53]} 7. Bxc4
{[%clk 1:29:03]} O-O {[%clk 1:22:58]} 8. O-O {[%clk 1:25:50]} Bg4
{[%clk 1:18:32]} 9. h3 {[%clk 1:25:33]} Bf5 {[%clk 1:17:23]} 10. Nh4
{[%clk 1:19:29]} Bc8 {[%clk 1:14:49]} 11. Bb3 {[%clk 1:17:14]} Nh5
{[%clk 1:10:46]} 12. Bh2 {[%clk 1:14:03]} e5 {[%clk 1:10:59]} 13. Nf3
{[%clk 1:13:58]} exd4 {[%clk 1:10:46]} 14. Nxd4 {[%clk 1:13:55]} Qe7
{[%clk 1:07:23]} 15. Qf3 {[%clk 1:11:46]} Nf6 {[%clk 1:06:14]} 16. Rad1
{[%clk 1:10:38]} Rd8 {[%clk 1:00:03]} 17. Rfe1 {[%clk 1:09:13]} Nbd7
{[%clk 1:00:07]} 18. Nxc6 {[%clk 1:02:02]} bxc6 {[%clk 0:59:44]} 19. Qxc6
{[%clk 1:02:30]} Nb6 {[%clk 0:58:36]} 20. Rxd8+ {[%clk 1:02:53]} Qxd8
{[%clk 0:58:53]} 21. Bc7 {[%clk 1:03:11]} Qd7 {[%clk 0:58:29]} 22. Qc5
{[%clk 1:00:58]} Bb7 {[%clk 0:55:02]} 23. Bxb6 {[%clk 0:59:41]} axb6
{[%clk 0:55:31]} 24. Qxb6 {[%clk 1:00:09]} Qc6 {[%clk 0:56:00]} 25. Qxc6
{[%clk 0:59:55]} Bxc6 {[%clk 0:56:29]} 26. Rd1 {[%clk 0:58:38]} Kf8
{[%clk 0:56:10]} 27. Rd6 {[%clk 0:54:09]} Rc8 {[%clk 0:55:58]} 28. f3
{[%clk 0:53:16]} Ke7 {[%clk 0:56:13]} 29. Rd1 {[%clk 0:52:47]} Rc7 30. Kf2
{[%clk 0:48:38]} Rd7 {[%clk 0:51:19]} 31. g4 {[%clk 0:46:37]} Rxd1
{[%clk 0:51:35]} 32. Bxd1 {[%clk 0:46:33]} Nd5 {[%clk 0:51:38]} 33. Nxd5+
{[%clk 0:45:35]} Bxd5 {[%clk 0:52:06]} 34. b3 {[%clk 0:45:58]} g5
{[%clk 0:52:07]} 35. f4 {[%clk 0:45:44]} f6 {[%clk 0:51:40]} 36. Bc2
{[%clk 0:45:39]} h6 {[%clk 0:52:06]} 37. e4 {[%clk 0:45:46]} Bc6 {[%clk 0:52:14]}
38. f5 {[%clk 0:45:05]} Kd6 {[%clk 0:52:22]} 39. Ke3 {[%clk 0:42:44]} Kc5
{[%clk 0:51:11]} 40. a3 {[%clk 0:42:51]} Bb5 {[%clk 0:49:20]} 41. b4+
{[%clk 0:42:57]} Kd6 {[%clk 0:48:47]} 42. Bd3 {[%clk 0:42:07]} Bxd3 43. Kxd3 Ke5
{[%clk 0:44:10]} 44. a4 {[%clk 0:41:52]} Bf8 {[%clk 0:44:12]} 45. Kc4
{[%clk 0:42:10]} Kxe4 {[%clk 0:36:53]} 46. a5 {[%clk 0:42:30]} Bd6
{[%clk 0:35:45]} 47. b5 {[%clk 0:42:54]} Ke5 {[%clk 0:35:10]} 48. b6
{[%clk 0:43:12]} h5 49. gxh5 Kxf5 {[%clk 0:30:25]} 50. a6 {[%clk 0:43:33]} g4
{[%clk 0:30:10]} 51. hxg4+ {[%clk 0:44:01]} 1-0

[Event "WCO2014"]
[Site "Tromso"]
[Date "2014.08.09"]
[Round "7.4"]
[WhiteID "7400659"]
[White "Gray Krishna"]
[BlackID "6402348"]
[Black "Santos Almonte Carol"]
[Result "0-1"]
[LiveChessVersion "1.4.3"]
[BlackElo "1774"]
[WhiteElo "1728"]

1. d4 {[%clk 1:30:56]} d5 {[%clk 1:30:52]} 2. Nf3 {[%clk 1:31:09]} Nf6
{[%clk 1:31:05]} 3. e3 {[%clk 1:31:27]} c5 {[%clk 1:28:42]} 4. b3
{[%clk 1:25:25]} Nc6 {[%clk 1:27:13]} 5. Bd3 {[%clk 1:23:37]} Bg4
{[%clk 1:27:17]} 6. Bb2 {[%clk 1:22:33]} e6 {[%clk 1:26:56]} 7. Nbd2
{[%clk 1:21:57]} cxd4 {[%clk 1:25:47]} 8. exd4 {[%clk 1:21:59]} Bd6
{[%clk 1:26:04]} 9. O-O {[%clk 1:16:02]} O-O {[%clk 1:26:01]} 10. Re1
{[%clk 1:09:01]} Rc8 {[%clk 1:23:47]} 11. a3 {[%clk 1:08:52]} Qb6
{[%clk 1:16:14]} 12. h3 {[%clk 0:53:58]} Bh5 {[%clk 1:16:33]} 13. Rc1
{[%clk 0:52:33]} Bf4 {[%clk 1:14:00]} 14. g4 {[%clk 0:47:52]} Bg6
{[%clk 1:10:40]} 15. Bxg6 {[%clk 0:47:18]} hxg6 {[%clk 1:11:00]} 16. Ra1
{[%clk 0:45:48]} a5 {[%clk 1:09:55]} 17. Kg2 {[%clk 0:35:47]} a4 {[%clk 1:03:42]}
18. b4 {[%clk 0:35:27]} Na7 {[%clk 1:03:53]} 19. Ne5 {[%clk 0:28:01]} Nb5
{[%clk 1:02:07]} 20. Nd3 {[%clk 0:20:49]} Bxd2 {[%clk 0:54:51]} 21. Qxd2
{[%clk 0:21:17]} Ne4 {[%clk 0:55:15]} 22. Qd1 {[%clk 0:16:39]} Qc6
{[%clk 0:42:18]} 23. Nc5 {[%clk 0:13:41]} Nxc5 {[%clk 0:41:44]} 24. bxc5
{[%clk 0:13:10]} b6 {[%clk 0:40:33]} 25. cxb6 {[%clk 0:10:25]} Qxb6
{[%clk 0:27:33]} 26. Rb1 {[%clk 0:09:35]} Rc4 {[%clk 0:25:42]} 27. c3
{[%clk 0:06:15]} Qa5 {[%clk 0:25:01]} 28. Rc1 {[%clk 0:02:10]} Rfc8
{[%clk 0:24:14]} 29. Re3 {[%clk 0:01:50]} Nd6 {[%clk 0:22:15]} 30. f3
{[%clk 0:01:08]} Rb8 {[%clk 0:22:29]} 31. Rc2 {[%clk 0:00:49]} Rb3
{[%clk 0:22:17]} 32. Qe1 {[%clk 0:00:53]} Nb5 {[%clk 0:22:08]} 33. Qa1
{[%clk 0:00:32]} Qc7 {[%clk 0:21:56]} 34. Qc1 {[%clk 0:00:42]} Qd6
{[%clk 0:21:18]} 35. h4 {[%clk 0:00:33]} Nxa3 {[%clk 0:21:16]} 36. Rce2
{[%clk 0:00:37]} Nb5 {[%clk 0:21:11]} 37. Qd1 {[%clk 0:00:36]} Qc6
{[%clk 0:18:09]} 38. Qe1 {[%clk 0:00:49]} Nxc3 {[%clk 0:16:42]} 39. Rc2 Nb5
{[%clk 0:16:37]} 40. Rxc4 {[%clk 0:00:32]} Rxb2+ {[%clk 0:16:49]} 41. Kh3
{[%clk 0:00:36]} Qxc4 {[%clk 0:16:56]} 42. Rxe6 {[%clk 0:00:37]} fxe6
{[%clk 0:13:30]} 43. Qxe6+ {[%clk 0:00:41]} Kh7 {[%clk 0:13:54]} 44. h5
{[%clk 0:27:18]} Qd3 {[%clk 0:42:36]} 45. Kh4 {[%clk 0:19:27]} Nxd4
{[%clk 0:40:41]} 0-1

[Event "WCO2014"]
[Site "Tromso"]
[Date "2014.08.09"]
[Round "7.20"]
[WhiteID "16300149"]
[White "Lin Yu-Tong Elaine"]
[BlackID "14400839"]
[Black "Boric Elena"]
[Result "0-1"]
[LiveChessVersion "1.4.3"]
[BlackElo "2196"]
[WhiteElo "1519"]

1. c4 {[%clk 1:30:58]} e5 {[%clk 1:30:44]} 2. Nc3 {[%clk 1:31:15]} d6
{[%clk 1:30:41]} 3. g3 {[%clk 1:31:22]} f5 {[%clk 1:30:15]} 4. d3
{[%clk 1:31:12]} Nf6 {[%clk 1:30:27]} 5. Bg2 {[%clk 1:31:26]} c6 {[%clk 1:30:23]}
6. Nf3 {[%clk 1:27:16]} Be7 {[%clk 1:30:34]} 7. Rb1 {[%clk 1:25:39]} O-O
{[%clk 1:30:31]} 8. b4 {[%clk 1:24:38]} Qe8 {[%clk 1:27:10]} 9. O-O
{[%clk 1:24:35]} Qh5 {[%clk 1:23:29]} 10. Qc2 {[%clk 1:12:55]} f4
{[%clk 1:06:12]} 11. e3 {[%clk 1:03:01]} Bg4 {[%clk 0:53:51]} 12. Qe2
{[%clk 0:50:50]} Nbd7 {[%clk 0:45:28]} 13. exf4 {[%clk 0:48:10]} Rae8
{[%clk 0:45:36]} 14. f5 {[%clk 0:33:22]} Qxf5 {[%clk 0:40:03]} 15. Qe3
{[%clk 0:30:50]} Bd8 {[%clk 0:29:58]} 16. Nh4 {[%clk 0:27:59]} Qe6
{[%clk 0:27:42]} 17. Nf3 {[%clk 0:20:43]} Bb6 {[%clk 0:26:08]} 18. Qg5
{[%clk 0:17:58]} h6 {[%clk 0:24:43]} 19. Qd2 {[%clk 0:18:20]} Nh5
{[%clk 0:24:20]} 20. Ne1 {[%clk 0:17:59]} Ndf6 {[%clk 0:23:30]} 21. a4
{[%clk 0:15:30]} Bh3 {[%clk 0:20:55]} 22. a5 {[%clk 0:15:23]} Bd4
{[%clk 0:19:49]} 23. Ne2 {[%clk 0:14:43]} Nh7 {[%clk 0:16:15]} 24. Nxd4
{[%clk 0:14:44]} exd4 {[%clk 0:16:37]} 25. c5 {[%clk 0:10:15]} Ng5
{[%clk 0:13:29]} 26. f4 {[%clk 0:08:22]} Bxg2 {[%clk 0:12:44]} 27. Nxg2
{[%clk 0:08:32]} Nh3+ {[%clk 0:11:50]} 28. Kh1 {[%clk 0:08:51]} Nf6
{[%clk 0:09:57]} 29. Bb2 {[%clk 0:08:48]} dxc5 {[%clk 0:10:04]} 30. bxc5
{[%clk 0:08:33]} Qd5 {[%clk 0:10:20]} 31. Ba3 {[%clk 0:06:13]} Ng4
{[%clk 0:10:03]} 32. Rxb7 {[%clk 0:05:01]} Qh5 {[%clk 0:05:30]} 33. Ne1
{[%clk 0:04:05]} Qd5+ {[%clk 0:03:43]} 34. Nf3 {[%clk 0:03:05]} Ne3
{[%clk 0:03:48]} 35. Qc1 {[%clk 0:02:27]} Ng5 {[%clk 0:02:58]} 36. Kg1
{[%clk 0:00:57]} Nxf3+ {[%clk 0:02:56]} 37. Rxf3 {[%clk 0:00:41]} Qxf3
{[%clk 0:03:17]} 38. Rb2 {[%clk 0:01:01]} Nd5 {[%clk 0:03:00]} 39. Qb1
{[%clk 0:00:55]} Re2 {[%clk 0:03:07]} 40. Rxe2 {[%clk 0:01:17]} Qxe2
{[%clk 0:03:32]} 41. Bc1 {[%clk 0:28:52]} Re8 {[%clk 0:33:55]} 0-1

[Event "WCO2014"]
[Site "Tromso"]
[Date "2014.08.09"]
[Round "7.19"]
[WhiteID "14400081"]
[White "Dengler Dijana"]
[BlackID "16300955"]
[Black "Gao Yi-Ping"]
[Result "1-0"]
[LiveChessVersion "1.4.3"]
[BlackElo "1723"]
[WhiteElo "2070"]

1. d4 Nf6 {[%clk 1:30:43]} 2. Nf3 {[%clk 1:30:53]} g6 {[%clk 1:30:54]} 3. c4
{[%clk 1:31:15]} Bg7 {[%clk 1:31:05]} 4. Nc3 {[%clk 1:31:38]} d6 {[%clk 1:31:11]}
5. Bg5 {[%clk 1:31:56]} h6 {[%clk 1:29:42]} 6. Bh4 {[%clk 1:32:01]} O-O
{[%clk 1:29:41]} 7. e3 {[%clk 1:31:45]} c5 {[%clk 1:26:36]} 8. d5
{[%clk 1:30:55]} a6 {[%clk 1:22:19]} 9. a4 {[%clk 1:30:59]} e6 {[%clk 1:17:57]}
10. Bd3 {[%clk 1:26:46]} exd5 {[%clk 1:12:41]} 11. cxd5 {[%clk 1:26:49]} Qa5
{[%clk 1:10:52]} 12. O-O {[%clk 1:26:17]} Nbd7 {[%clk 1:10:04]} 13. Bg3
{[%clk 1:22:38]} Qc7 {[%clk 1:08:37]} 14. Nd2 {[%clk 1:17:09]} Nh5
{[%clk 1:05:42]} 15. Bh4 {[%clk 1:14:41]} Ne5 {[%clk 1:02:15]} 16. Be2
{[%clk 1:14:34]} Nf6 {[%clk 1:02:32]} 17. h3 {[%clk 1:05:18]} b6 {[%clk 0:50:19]}
18. f4 {[%clk 1:03:38]} Ned7 {[%clk 0:50:41]} 19. e4 {[%clk 0:56:50]} Bb7
{[%clk 0:45:03]} 20. Rc1 {[%clk 0:54:23]} Rae8 {[%clk 0:42:59]} 21. b3
{[%clk 0:51:56]} Qb8 {[%clk 0:40:09]} 22. Bf3 {[%clk 0:50:56]} Kh7
{[%clk 0:34:28]} 23. Re1 {[%clk 0:46:10]} Qc7 {[%clk 0:32:53]} 24. Nc4
{[%clk 0:42:40]} Ng8 {[%clk 0:28:29]} 25. Bg3 {[%clk 0:38:42]} Qb8
{[%clk 0:21:30]} 26. Kh1 {[%clk 0:37:20]} Ba8 {[%clk 0:21:29]} 27. Qc2
{[%clk 0:27:29]} b5 {[%clk 0:16:51]} 28. axb5 {[%clk 0:26:47]} axb5
{[%clk 0:17:20]} 29. Nxb5 {[%clk 0:26:54]} Qxb5 {[%clk 0:16:55]} 30. Nxd6
{[%clk 0:27:16]} Qb4 {[%clk 0:14:15]} 31. Nxe8 {[%clk 0:27:14]} Rxe8
{[%clk 0:14:44]} 32. e5 {[%clk 0:26:08]} Ne7 {[%clk 0:12:23]} 33. Qc4
{[%clk 0:16:24]} Qd2 {[%clk 0:06:16]} 34. Rcd1 {[%clk 0:14:52]} Qb2
{[%clk 0:06:15]} 35. Be4 {[%clk 0:13:03]} Nb6 {[%clk 0:04:17]} 36. Qxc5
{[%clk 0:08:40]} Nbxd5 37. Qc2 {[%clk 0:03:57]} Qxc2 {[%clk 0:03:19]} 38. Bxc2
{[%clk 0:04:25]} Nb4 {[%clk 0:03:47]} 39. Be4 {[%clk 0:04:34]} Bxe4
{[%clk 0:02:46]} 40. Rxe4 {[%clk 0:05:03]} Nbd5 {[%clk 0:01:36]} 41. Rd3
{[%clk 0:01:43]} Rc8 {[%clk 0:00:37]} 42. Rc4 {[%clk 0:30:10]} Ra8
{[%clk 0:31:26]} 43. Ra4 {[%clk 0:29:14]} Rc8 {[%clk 0:29:18]} 44. Ra7
{[%clk 0:29:04]} Rc1+ {[%clk 0:26:39]} 45. Kh2 {[%clk 0:27:31]} Rf1
{[%clk 0:26:24]} 46. Rd7 {[%clk 0:20:15]} Rb1 {[%clk 0:12:55]} 47. R7xd5
{[%clk 0:18:41]} Nxd5 {[%clk 0:13:21]} 48. Rxd5 {[%clk 0:19:05]} Rxb3
{[%clk 0:13:32]} 49. Rd7 {[%clk 0:19:18]} Kg8 {[%clk 0:13:40]} 50. Bf2
{[%clk 0:17:44]} Rc3 {[%clk 0:12:25]} 51. Bd4 {[%clk 0:14:33]} Rd3
{[%clk 0:12:25]} 52. e6 {[%clk 0:14:49]} Rxd4 {[%clk 0:12:18]} 53. Rxd4
{[%clk 0:11:35]} fxe6 {[%clk 0:12:01]} 54. Rd7 {[%clk 0:11:40]} Kf8
{[%clk 0:10:21]} 55. g4 {[%clk 0:10:49]} Bf6 {[%clk 0:10:18]} 56. Kg2
{[%clk 0:11:03]} Be7 {[%clk 0:08:19]} 57. Kf3 {[%clk 0:10:59]} Kf7
{[%clk 0:08:47]} 58. Ke4 {[%clk 0:10:47]} Kf6 {[%clk 0:04:09]} 59. h4
{[%clk 0:10:24]} Bf8 {[%clk 0:03:27]} 60. g5+ {[%clk 0:10:38]} 1-0

[Event "WCO2014"]
[Site "Tromso"]
[Date "2014.08.09"]
[Round "7.18"]
[WhiteID "16300459"]
[White "Liao Jo-Yu"]
[BlackID "14403668"]
[Black "Jacimovic Sara"]
[Result "0-1"]
[LiveChessVersion "1.4.3"]
[BlackElo "2032"]
[WhiteElo "1478"]

1. e4 {[%clk 1:30:58]} e5 {[%clk 1:30:56]} 2. Nf3 {[%clk 1:31:25]} Nc6
{[%clk 1:31:22]} 3. Bc4 {[%clk 1:31:51]} Bc5 {[%clk 1:31:44]} 4. c3
{[%clk 1:32:16]} Nf6 {[%clk 1:32:07]} 5. d3 {[%clk 1:32:41]} O-O {[%clk 1:32:30]}
6. Bg5 {[%clk 1:32:20]} d6 7. O-O {[%clk 1:31:58]} h6 {[%clk 1:31:43]} 8. Bh4
{[%clk 1:31:13]} a6 {[%clk 1:30:40]} 9. Bb3 Ba7 10. h3 {[%clk 1:27:45]} Ne7
{[%clk 1:26:28]} 11. Bxf6 {[%clk 1:20:39]} gxf6 {[%clk 1:26:53]} 12. Qd2
{[%clk 1:20:10]} Kh7 {[%clk 1:26:25]} 13. Kh2 {[%clk 1:11:49]} Ng6
{[%clk 1:26:14]} 14. d4 {[%clk 1:03:20]} Nf4 {[%clk 1:25:06]} 15. Nh4
{[%clk 0:58:57]} Rg8 {[%clk 1:19:16]} 16. Bxf7 {[%clk 0:54:38]} Rg7
{[%clk 1:19:31]} 17. Bb3 {[%clk 0:53:12]} f5 {[%clk 1:09:06]} 18. g3
{[%clk 0:50:34]} Nxh3 {[%clk 0:40:17]} 19. exf5 {[%clk 0:27:01]} Nxf2
{[%clk 0:21:47]} 20. Rxf2 {[%clk 0:22:51]} Qf6 {[%clk 0:22:12]} 21. dxe5
{[%clk 0:19:31]} dxe5 {[%clk 0:21:26]} 22. Re2 {[%clk 0:16:11]} Bg1+
{[%clk 0:13:43]} 23. Kxg1 {[%clk 0:11:25]} Qxh4 {[%clk 0:14:07]} 24. Rg2
{[%clk 0:06:38]} Rxg3 {[%clk 0:12:09]} 25. Rxg3 {[%clk 0:07:06]} Qxg3+
{[%clk 0:12:32]} 26. Qg2 {[%clk 0:07:22]} Qe1+ {[%clk 0:12:08]} 27. Qf1
{[%clk 0:07:46]} Qg3+ {[%clk 0:11:46]} 28. Qg2 {[%clk 0:06:49]} Qe1+
{[%clk 0:06:45]} 29. Qf1 {[%clk 0:07:18]} Qh4 {[%clk 0:05:27]} 30. Na3
{[%clk 0:05:35]} Bd7 {[%clk 0:04:40]} 31. Qf2 {[%clk 0:05:01]} Qg5+
{[%clk 0:04:08]} 32. Qg2 {[%clk 0:03:31]} Qe3+ {[%clk 0:04:29]} 33. Qf2
{[%clk 0:03:11]} Qg5+ {[%clk 0:04:55]} 34. Kf1 {[%clk 0:03:34]} Bxf5
{[%clk 0:04:52]} 35. Bc2 {[%clk 0:03:53]} Rf8 {[%clk 0:05:06]} 36. Ke1
{[%clk 0:04:02]} Kg7 {[%clk 0:04:00]} 37. Rd1 {[%clk 0:02:36]} Bh3
{[%clk 0:03:55]} 38. Qh2 {[%clk 0:01:17]} Qe3+ {[%clk 0:04:20]} 39. Qe2
{[%clk 0:00:35]} Rf1# {[%clk 0:04:46]} 0-1

[Event "WCO2014"]
[Site "Tromso"]
[Date "2014.08.09"]
[Round "7.16"]
[WhiteID "5018218"]
[White "Jennitha Anto K."]
[BlackID "8200335"]
[Black "Frijde Reyna"]
[Result "1-0"]
[LiveChessVersion "1.4.3"]
[BlackElo "1607"]
[WhiteElo "1964"]

1. e4 {[%clk 1:30:56]} c5 {[%clk 1:30:53]} 2. Nf3 {[%clk 1:31:18]} Nc6
{[%clk 1:31:16]} 3. d4 {[%clk 1:31:40]} cxd4 {[%clk 1:31:44]} 4. Nxd4
{[%clk 1:31:59]} g6 {[%clk 1:32:06]} 5. c4 {[%clk 1:31:58]} Bg7 {[%clk 1:31:51]}
6. Be3 {[%clk 1:32:00]} d6 {[%clk 1:30:54]} 7. Nc3 {[%clk 1:31:27]} Nf6
{[%clk 1:30:29]} 8. Be2 {[%clk 1:30:12]} Bd7 {[%clk 1:29:56]} 9. O-O
{[%clk 1:27:58]} O-O {[%clk 1:28:46]} 10. Qd2 {[%clk 1:18:13]} Rc8
{[%clk 1:24:46]} 11. f3 {[%clk 1:16:41]} a6 {[%clk 1:18:15]} 12. Rfc1
{[%clk 0:59:21]} Nxd4 {[%clk 1:13:21]} 13. Bxd4 {[%clk 0:59:10]} Bc6
{[%clk 1:13:29]} 14. b4 {[%clk 0:52:02]} Bd7 {[%clk 1:07:12]} 15. a4
{[%clk 0:47:48]} Ne8 {[%clk 1:01:53]} 16. Nd5 {[%clk 0:41:18]} Bxd4+
{[%clk 0:56:08]} 17. Qxd4 {[%clk 0:41:44]} Nc7 {[%clk 0:50:17]} 18. Nb6
{[%clk 0:34:27]} Rb8 {[%clk 0:50:03]} 19. a5 {[%clk 0:32:08]} Na8
{[%clk 0:46:53]} 20. Nxd7 {[%clk 0:24:35]} Qxd7 {[%clk 0:46:51]} 21. e5
{[%clk 0:24:38]} Qe6 {[%clk 0:43:32]} 22. f4 {[%clk 0:20:31]} dxe5
{[%clk 0:39:47]} 23. Qxe5 {[%clk 0:18:08]} Qxe5 {[%clk 0:38:37]} 24. fxe5
{[%clk 0:18:37]} Rfd8 {[%clk 0:31:09]} 25. Rd1 {[%clk 0:15:34]} Nc7
{[%clk 0:30:05]} 26. Kf2 {[%clk 0:11:26]} f6 {[%clk 0:22:47]} 27. exf6
{[%clk 0:10:23]} exf6 {[%clk 0:23:15]} 28. Bf3 {[%clk 0:10:24]} Ne6
{[%clk 0:21:14]} 29. Rxd8+ {[%clk 0:08:16]} Nxd8 {[%clk 0:20:58]} 30. b5
{[%clk 0:08:08]} Rc8 {[%clk 0:19:18]} 31. Rd1 {[%clk 0:07:24]} Kf8
{[%clk 0:16:33]} 32. bxa6 {[%clk 0:06:11]} bxa6 {[%clk 0:16:52]} 33. Rd6
{[%clk 0:06:31]} Ke7 {[%clk 0:14:46]} 34. Rxa6 {[%clk 0:06:58]} Rxc4
{[%clk 0:15:01]} 35. Ra7+ {[%clk 0:07:11]} Kf8 {[%clk 0:15:25]} 36. Rxh7
{[%clk 0:07:17]} Ra4 {[%clk 0:15:28]} 37. Ra7 {[%clk 0:07:13]} Ne6
{[%clk 0:14:41]} 38. a6 {[%clk 0:07:16]} Nc5 {[%clk 0:14:13]} 39. Ra8+
{[%clk 0:07:08]} Ke7 {[%clk 0:14:17]} 40. a7 {[%clk 0:07:31]} Nd7
{[%clk 0:13:25]} 41. Bc6 {[%clk 0:05:34]} Ra6 {[%clk 0:11:32]} 42. Bxd7
{[%clk 0:05:42]} Kxd7 {[%clk 0:12:00]} 43. Rh8 {[%clk 0:06:07]} Ra2+
{[%clk 0:10:31]} 44. Ke3 1-0

[Event "WCO2014"]
[Site "Tromso"]
[Date "2014.08.09"]
[Round "7.15"]
[WhiteID "8200475"]
[White "Ooft Tesora"]
[BlackID "24145890"]
[Black "Kurochkina Elena"]
[Result "1/2-1/2"]
[LiveChessVersion "1.4.3"]
[BlackElo "1797"]
[WhiteElo "1737"]

1. e4 {[%clk 1:30:56]} c5 {[%clk 1:30:53]} 2. Nc3 {[%clk 1:31:20]} Nc6
{[%clk 1:31:06]} 3. g3 {[%clk 1:31:43]} g6 {[%clk 1:31:16]} 4. Bg2
{[%clk 1:32:09]} Bg7 {[%clk 1:31:36]} 5. d3 {[%clk 1:32:34]} d6 {[%clk 1:31:24]}
6. Be3 {[%clk 1:32:50]} e5 {[%clk 1:23:44]} 7. Nge2 {[%clk 1:32:32]} Nge7
{[%clk 1:21:05]} 8. O-O {[%clk 1:32:44]} O-O {[%clk 1:20:00]} 9. Qd2
{[%clk 1:31:46]} Nd4 {[%clk 1:18:42]} 10. Rab1 {[%clk 1:26:11]} Nec6
{[%clk 1:16:18]} 11. a3 {[%clk 1:24:20]} a5 {[%clk 1:15:44]} 12. h3
{[%clk 1:20:35]} b5 {[%clk 1:13:25]} 13. Nd5 {[%clk 1:19:22]} Be6
{[%clk 1:11:28]} 14. f4 {[%clk 1:09:18]} Nxe2+ {[%clk 1:10:50]} 15. Qxe2
{[%clk 1:09:36]} Nd4 {[%clk 1:11:01]} 16. Bxd4 {[%clk 1:07:50]} cxd4
{[%clk 1:11:04]} 17. c3 {[%clk 1:02:46]} Bxd5 {[%clk 1:09:25]} 18. exd5
{[%clk 1:03:10]} exf4 {[%clk 1:06:12]} 19. Rxf4 {[%clk 1:02:21]} Be5
{[%clk 1:02:32]} 20. Rf3 {[%clk 0:58:56]} Qg5 {[%clk 1:01:24]} 21. Kh2
{[%clk 0:56:50]} Rae8 {[%clk 0:58:26]} 22. Qf2 {[%clk 0:54:34]} dxc3
{[%clk 0:56:22]} 23. bxc3 {[%clk 0:54:20]} Bxc3 {[%clk 0:56:26]} 24. Rxb5
{[%clk 0:49:39]} Be1 {[%clk 0:48:11]} 25. Qd4 {[%clk 0:47:33]} Re5
{[%clk 0:46:26]} 26. Qf4 {[%clk 0:43:49]} Qe7 {[%clk 0:44:02]} 27. Qf6
{[%clk 0:30:00]} Qd7 {[%clk 0:43:44]} 28. Rb6 {[%clk 0:28:46]} Rxd5
{[%clk 0:33:48]} 29. Re3 {[%clk 0:23:06]} Rf5 {[%clk 0:32:24]} 30. Qxd6
{[%clk 0:20:39]} Qxd6 {[%clk 0:30:00]} 31. Rxd6 1/2-1/2